| 000 | 00592nam a2200193 i 4500 | ||
|---|---|---|---|
| 001 | 137981 | ||
| 003 | ES-MaACL | ||
| 005 | 20250731030158.0 | ||
| 007 | t| | ||
| 008 | 070214s1963 sp r ||||1| spa d | ||
| 100 | 1 |
_aSánchez Gavito, Luis. _9102668 |
|
| 245 | 1 | 0 |
_aGuía del agricultor / _cpor Luis Sánchez Gavito ; prólogo de José Ferrán Lamich. |
| 260 |
_aBarcelona : _bAedos, _c1963. |
||
| 300 |
_a510 p. : _bil. ; _c20 cm. |
||
| 650 | 0 | 7 |
_aAgricultura _2embne _99670 |
| 700 | 1 |
_aFerrán Lamich, José. _950246 |
|
| 852 |
_aES-MaACL _jC-24891 _bR.53389 |
||
| 999 |
_c137981 _d137981 |
||